| 000 | 01419nam a2200445 a 4500 | ||
|---|---|---|---|
| 003 | AR-BaBNM | ||
| 005 | 20251128204158.0 | ||
| 008 | 082120s2002 ||||||||||||||000 | spa|| | ||
| 020 | _a84-321-1311-5 | ||
| 040 | _cAR-BaBNM | ||
| 100 | 1 | _aBrueckner, Leo J. | |
| 245 | 0 | 0 | _aDiagnóstico y tratamiento de las dificultades en el aprendizaje |
| 250 | _a14ª ed. | ||
| 260 |
_aMadrid _bRialp _c1992 |
||
| 300 |
_a509 p. _bdiagr., tablas |
||
| 490 | 0 |
_aBiblioteca de Educación y Ciencias Sociales. Técnicas y estudios experimentales _vv.2 |
|
| 504 | _aContiene bibliografía al final de cada capítulo | ||
| 650 | 4 | _aDIAGNOSTICO EDUCACIONAL | |
| 650 | 4 | _aRENDIMIENTO DEL ALUMNO | |
| 650 | 4 | _aDIFICULTADES EN EL APRENDIZAJE | |
| 650 | 4 | _aDESARROLLO MENTAL | |
| 650 | 4 | _aDESARROLLO FISICO | |
| 650 | 4 | _aDESARROLLO MOTOR | |
| 650 | 4 | _aENSEÑANZA CORRECTIVA | |
| 650 | 4 | _aMETODOS DE ENSEÑANZA | |
| 650 | 4 | _aEVALUACION CONTINUA | |
| 650 | 4 | _aDIDACTICA | |
| 650 | 4 | _aDIFICULTAD EN LA LECTURA | |
| 650 | 4 | _aTRASTORNOS DEL HABLA | |
| 650 | 4 | _aENSEÑANZA DE LA ESCRITURA | |
| 650 | 4 | _aENSEÑANZA DE LAS MATEMATICAS | |
| 650 | 4 | _aENSEÑANZA DE LA ORTOGRAFIA | |
| 650 | 4 | _aALUMNOS DE APRENDIZAJE LENTO | |
| 653 | _aPROCESO DE ENSEÑANZA-APRENDIZAJE | ||
| 653 | _aDISCAPACIDAD MENTAL | ||
| 700 | 1 | _aBond, Guy L. | |
| 700 | 1 |
_aDe La Orden, Arturo _etraductor |
|
| 942 | _cBK | ||
| 998 | _cSILVI | ||
| 999 |
_c6492 _d6492 |
||